[Event "CZE-chT2E 2223"]
[Site "Czech Republic"]
[Date "2022.12.04"]
[Round "4.1"]
[White "Novosadova, Kristyna"]
[Black "Riska, Lubomir"]
[Result "1-0"]
[WhiteElo "2152"]
[BlackElo "2140"]
[PlyCount "99"]
[EventDate "2022.10.16"]
[EventType "team-tourn"]
[EventRounds "11"]
[EventCountry "CZE"]
[SourceTitle "EXT 2024"]
[Source "ChessBase"]
[SourceDate "2023.10.10"]
[SourceVersion "1"]
[SourceVersionDate "2023.10.10"]
[SourceQuality "1"]
[WhiteTeam "Jundrov Jezdci II"]
[BlackTeam "Znojmo"]
[WhiteTeamCountry "CZE"]
[BlackTeamCountry "CZE"]

1. e4 c5 2. Nf3 e6 3. d4 cxd4 4. Nxd4 Nc6 5. Nc3 a6 6. Be3 Qc7 7. Qf3 Nf6 8. 0-0-0 d6 9. Be2 h5 10. Nxc6 bxc6 11. e5 dxe5 12. Ne4 Nd5 13. Bg5 f5 14. c4 fxe4 15. Qxe4 Bb7 16. Rd2 Rc8 17. Rhd1 Qf7 18. Qxe5 Be7 19. Bxe7 Kxe7 20. cxd5 cxd5+ 21. Kb1 Qf6 22. Qg3 g5 23. Bxa6 Bxa6 24. Qa3+ Kf7 25. Qxa6 Rc7 26. Qd3 Kg7 27. Qd4 Rhc8 28. Qxf6+ Kxf6 29. a4 Rc4 30. b3 Rc3 31. Rb2 Rb8 32. Ka2 h4 33. a5 h3 34. g3 Ke5 35. b4 d4 36. b5 Rc5 37. Rdb1 d3 38. a6 Ra8 39. Ka3 Kd4 40. Kb4 Rc4+ 41. Ka5 e5 42. Rb4 Rxb4 43. Kxb4 e4 44. Ka5 Rf8 45. a7 Rxf2 46. Rb4+ Ke3 47. a8Q Ra2+ 48. Ra4 Rxa4+ 49. Kxa4 d2 50. Qd5 1-0

[Event "CZE-chT2E 2223"]
[Site "Czech Republic"]
[Date "2022.11.20"]
[Round "3.2"]
[White "Biolek, Richard"]
[Black "Riska, Lubomir"]
[Result "1-0"]
[WhiteElo "2388"]
[BlackElo "2140"]
[PlyCount "77"]
[EventDate "2022.10.16"]
[EventType "team-tourn"]
[EventRounds "11"]
[EventCountry "CZE"]
[SourceTitle "EXT 2024"]
[Source "ChessBase"]
[SourceDate "2023.10.10"]
[SourceVersion "1"]
[SourceVersionDate "2023.10.10"]
[SourceQuality "1"]
[WhiteTeam "Grygov"]
[BlackTeam "Znojmo"]
[WhiteTeamCountry "CZE"]
[BlackTeamCountry "CZE"]

1. e4 c5 2. Nf3 e6 3. b4 cxb4 4. d4 Nf6 5. Bd3 b6 6. 0-0 Ba6 7. a3 Bxd3 8. Qxd3 d5 9. e5 Nfd7 10. axb4 Nc6 11. b5 Na5 12. Na3 Rc8 13. Bd2 Be7 14. c3 0-0 15. Nc2 Rc7 16. Rfb1 Nc4 17. Ne3 Nxe3 18. Qxe3 h6 19. Ne1 Re8 20. Nd3 f5 21. exf6 Bxf6 22. Qf3 Bg5 23. Be1 Kh7 24. Qe2 Qe7 25. f4 Bf6 26. Bd2 g6 27. Rf1 Bg7 28. Rf3 Nf6 29. Nf2 Qf7 30. g4 Kg8 31. Kg2 h5 32. h3 h4 33. Qd3 Nh7 34. Re1 Rce7 35. Bc1 Rc7 36. Rfe3 Nf8 37. Bd2 Qd7 38. Qb1 Qf7 39. g5 1-0

[Event "CZE-chT2E 2223"]
[Site "Czech Republic"]
[Date "2022.11.06"]
[Round "2.3"]
[White "Karlik, Vladimir"]
[Black "Riska, Lubomir"]
[Result "1-0"]
[WhiteElo "2106"]
[BlackElo "2140"]
[PlyCount "53"]
[EventDate "2022.10.16"]
[EventType "team-tourn"]
[EventRounds "11"]
[EventCountry "CZE"]
[SourceTitle "EXT 2024"]
[Source "ChessBase"]
[SourceDate "2023.10.10"]
[SourceVersion "1"]
[SourceVersionDate "2023.10.10"]
[SourceQuality "1"]
[WhiteTeam "Kromeriz Slavia II"]
[BlackTeam "Znojmo"]
[WhiteTeamCountry "CZE"]
[BlackTeamCountry "CZE"]

1. d4 Nf6 2. Nf3 e6 3. Bf4 d5 4. Nbd2 Be7 5. e3 Nbd7 6. Bd3 c5 7. c3 b6 8. Ne5 Bb7 9. h4 a6 10. Qf3 Rc8 11. h5 b5 12. Qg3 Kf8 13. h6 g6 14. Ndf3 cxd4 15. exd4 Ne4 16. Bxe4 dxe4 17. Ng5 Nxe5 18. Bxe5 Bf6 19. Bxf6 Qxf6 20. Rh4 e5 21. dxe5 Qe7 22. Rf4 Bd5 23. 0-0-0 Bxa2 24. e6 Bxe6 25. Rxe4 Ke8 26. Nxe6 fxe6 27. Rd6 1-0

[Event "Valasska Bystrice op"]
[Site "Valasska Bystrice"]
[Date "2017.09.14"]
[Round "7"]
[White "Volodin, Viktor Nikolaevich"]
[Black "Riska, Lubomir"]
[Result "1/2-1/2"]
[WhiteElo "2190"]
[BlackElo "2168"]
[PlyCount "74"]
[EventDate "2017.09.09"]
[EventType "swiss"]
[EventRounds "9"]
[EventCountry "CZE"]
[SourceTitle "CBM 180 Extra"]
[Source "ChessBase"]
[SourceDate "2017.10.06"]
[SourceVersion "1"]
[SourceVersionDate "2017.10.06"]
[SourceQuality "1"]

1. Nf3 Nf6 2. c4 e6 3. g3 d5 4. d4 Be7 5. Bg2 0-0 6. 0-0 dxc4 7. Qc2 a6 8. a4 c5 9. dxc5 Qc7 10. Nbd2 Qxc5 11. Nxc4 Nd5 12. Qb3 Nd7 13. e4 N5f6 14. Be3 Qb4 15. Qc2 b6 16. Bd2 Qc5 17. b4 Qc6 18. Nd4 Qc7 19. Bf4 e5 20. Nxe5 Qxc2 21. Nxc2 Nxe5 22. Bxe5 Bb7 23. Rfe1 Rac8 24. Ra2 Rc4 25. Ne3 Rxb4 26. Nf5 Bc5 27. Bd6 Bxd6 28. Nxd6 Ba8 29. e5 Bxg2 30. exf6 Bc6 31. Nf5 Rxa4 32. Rd2 Be4 33. fxg7 Rb8 34. Nd4 Ba8 35. Nf5 Be4 36. Nd4 Ba8 37. Nf5 Be4 1/2-1/2

[Event "Valasska Bystrice op"]
[Site "Valasska Bystrice"]
[Date "2017.09.13"]
[Round "6"]
[White "Riska, Lubomir"]
[Black "Soban, Jaroslav"]
[Result "1/2-1/2"]
[WhiteElo "2168"]
[BlackElo "2090"]
[PlyCount "38"]
[EventDate "2017.09.09"]
[EventType "swiss"]
[EventRounds "9"]
[EventCountry "CZE"]
[SourceTitle "CBM 180 Extra"]
[Source "ChessBase"]
[SourceDate "2017.10.06"]
[SourceVersion "1"]
[SourceVersionDate "2017.10.06"]
[SourceQuality "1"]

1. d4 f5 2. g3 Nf6 3. Bg2 g6 4. Nf3 Bg7 5. 0-0 0-0 6. b3 d6 7. Bb2 Qe8 8. Nbd2 Nc6 9. Nc4 b5 10. Ncd2 Rb8 11. c4 bxc4 12. Nxc4 Ba6 13. Rc1 Nb4 14. a3 Nbd5 15. Qc2 f4 16. Ng5 e6 17. Bh3 Bc8 18. Nf3 Bh6 19. g4 Bg7 1/2-1/2

[Event "Valasska Bystrice op"]
[Site "Valasska Bystrice"]
[Date "2017.09.12"]
[Round "5"]
[White "Karlik, Vladimir"]
[Black "Riska, Lubomir"]
[Result "1/2-1/2"]
[WhiteElo "2231"]
[BlackElo "2168"]
[PlyCount "29"]
[EventDate "2017.09.09"]
[EventType "swiss"]
[EventRounds "9"]
[EventCountry "CZE"]
[SourceTitle "CBM 180 Extra"]
[Source "ChessBase"]
[SourceDate "2017.10.06"]
[SourceVersion "1"]
[SourceVersionDate "2017.10.06"]
[SourceQuality "1"]

1. d4 Nf6 2. Bg5 Ne4 3. Bf4 d5 4. e3 e6 5. Nd2 Nxd2 6. Qxd2 Bd6 7. Bg3 0-0 8. Bd3 Qe7 9. Nf3 Nd7 10. Qe2 f5 11. Ne5 Bxe5 12. Bxe5 Nxe5 13. dxe5 Bd7 14. 0-0 c5 15. c4 1/2-1/2

[Event "CZE-chT2E 1617"]
[Site "Czech Republic"]
[Date "2017.02.26"]
[Round "9.2"]
[White "Riska, Lubomir"]
[Black "Hejny, Jaroslav"]
[Result "1/2-1/2"]
[WhiteElo "2174"]
[BlackElo "2087"]
[PlyCount "50"]
[EventDate "2016.09.10"]
[EventType "team-tourn"]
[EventRounds "11"]
[EventCountry "CZE"]
[SourceTitle "EXT 2022"]
[Source "ChessBase"]
[SourceDate "2021.10.06"]
[SourceVersion "1"]
[SourceVersionDate "2021.10.06"]
[SourceQuality "1"]
[WhiteTeam "Adamov"]
[BlackTeam "Vyskov"]
[WhiteTeamCountry "CZE"]
[BlackTeamCountry "CZE"]

1. Nf3 Nf6 2. c4 e6 3. Nc3 d5 4. d4 c5 5. cxd5 exd5 6. g3 Nc6 7. Bg2 h6 8. 0-0 Be7 9. dxc5 Bxc5 10. b3 0-0 11. Bb2 Be6 12. e3 a6 13. Ne2 Qe7 14. Ned4 Bg4 15. Nxc6 bxc6 16. Qd3 Ba3 17. Bxa3 Qxa3 18. Ne5 Rac8 19. Nxg4 Nxg4 20. Rac1 Ne5 21. Qd4 Rfe8 22. Rc2 a5 23. h3 a4 24. bxa4 Ra8 25. Rb1 Qxa4 1/2-1/2

[Event "CZE-chT2E 1415"]
[Site "Czech Republic"]
[Date "2014.12.14"]
[Round "4.1"]
[White "Riska, Lubomir"]
[Black "Mudra, Tomas"]
[Result "0-1"]
[WhiteElo "2205"]
[BlackElo "2185"]
[PlyCount "72"]
[EventDate "2014.11.02"]
[EventType "team-tourn"]
[EventRounds "11"]
[EventCountry "CZE"]
[SourceTitle "EXT 2022"]
[Source "ChessBase"]
[SourceDate "2021.10.06"]
[SourceVersion "1"]
[SourceVersionDate "2021.10.06"]
[SourceQuality "1"]
[WhiteTeam "Brno Lokomotiva II"]
[BlackTeam "Brno Vinohrady"]
[WhiteTeamCountry "CZE"]
[BlackTeamCountry "CZE"]

1. Nf3 Nf6 2. c4 g6 3. Nc3 Bg7 4. e4 d6 5. d4 0-0 6. Be2 c6 7. 0-0 Na6 8. Rb1 Nc7 9. Re1 Bd7 10. b4 b5 11. cxb5 Nxb5 12. Nxb5 cxb5 13. Bd3 Qb6 14. h3 a5 15. a3 Rfc8 16. Qe2 axb4 17. Rxb4 Ra4 18. Qb2 Qa5 19. Rxa4 Qxa4 20. Bd2 Ra8 21. Bb4 Be6 22. Qe2 Bd7 23. Rc1 Ne8 24. Rc3 Rb8 25. e5 Qa7 26. Be4 Qb6 27. Qc2 Be6 28. Rc6 Qd8 29. Rc3 Bc4 30. Bc6 Qb6 31. Qe4 dxe5 32. Nxe5 Nf6 33. Qf3 Qxd4 34. Bxe7 Qxe5 35. Re3 Qf5 36. Qd1 Nd5 0-1

[Event "CZE-chT2E 1314"]
[Site "Czech Republic"]
[Date "2014.01.19"]
[Round "6.2"]
[White "Riska, Lubomir"]
[Black "Bazant, Petr Sr"]
[Result "0-1"]
[WhiteElo "2195"]
[BlackElo "2272"]
[PlyCount "80"]
[EventDate "2013.11.03"]
[EventType "team-tourn"]
[EventRounds "11"]
[EventCountry "CZE"]
[SourceTitle "EXT 2016"]
[Source "ChessBase"]
[SourceDate "2015.10.08"]
[SourceVersion "1"]
[SourceVersionDate "2015.10.08"]
[SourceQuality "1"]
[WhiteTeam "Brno Lokomotiva II"]
[BlackTeam "Stare Mesto II"]
[WhiteTeamCountry "CZE"]
[BlackTeamCountry "CZE"]

1. Nf3 Nf6 2. c4 b6 3. Nc3 Bb7 4. g3 e6 5. Bg2 Be7 6. 0-0 0-0 7. Re1 d5 8. cxd5 exd5 9. d4 Nbd7 10. Nh4 Re8 11. Nf5 Bf8 12. Qb3 c6 13. Bf4 Nh5 14. Bd6 Qf6 15. Bxf8 Nxf8 16. e4 dxe4 17. Ne3 Qg6 18. d5 Nf6 19. Rad1 N8d7 20. dxc6 Bxc6 21. Ned5 Nxd5 22. Nxd5 Bxd5 23. Rxd5 Nf6 24. Rd6 Qf5 25. Qb4 h6 26. Rd4 a5 27. Qd2 Rac8 28. Rd6 Qc5 29. a3 Re7 30. b4 axb4 31. axb4 Qc7 32. Qd4 b5 33. Bf1 Rb8 34. h3 Ree8 35. Rd1 Qc8 36. Qe3 Qf5 37. R1d4 Re5 38. Kg2 Nd5 39. Qb3 e3 40. f4 e2 0-1

[Event "CZE-chT2E 1314"]
[Site "Czech Republic"]
[Date "2013.11.17"]
[Round "2.2"]
[White "Riska, Lubomir"]
[Black "Vyskocil, Neklan"]
[Result "1/2-1/2"]
[WhiteElo "2195"]
[BlackElo "2376"]
[PlyCount "81"]
[EventDate "2013.11.03"]
[EventType "team-tourn"]
[EventRounds "11"]
[EventCountry "CZE"]
[SourceTitle "EXT 2016"]
[Source "ChessBase"]
[SourceDate "2015.10.08"]
[SourceVersion "1"]
[SourceVersionDate "2015.10.08"]
[SourceQuality "1"]
[WhiteTeam "Brno Lokomotiva II"]
[BlackTeam "Brno Moravska Slavia"]
[WhiteTeamCountry "CZE"]
[BlackTeamCountry "CZE"]

1. Nf3 Nf6 2. c4 g6 3. Nc3 d5 4. cxd5 Nxd5 5. Qa4+ Bd7 6. Qh4 Bc6 7. Qd4 f6 8. e3 Bg7 9. Be2 e5 10. Qc4 Qd7 11. 0-0 Nb6 12. Qb3 a5 13. a4 Qf7 14. Qxf7+ Kxf7 15. d4 e4 16. Nd2 Re8 17. b3 Bf8 18. Nc4 N8d7 19. Bd2 Bb4 20. Rfd1 Nd5 21. Rac1 N7b6 22. Nxb6 Nxb6 23. Bb5 Rab8 24. Kf1 Re7 25. Ke2 Be8 26. Bxe8+ Rbxe8 27. Na2 Bxd2 28. Rxd2 c6 29. Nc3 Rd8 30. Rcd1 Nd5 31. Nxd5 Rxd5 32. Rc2 Ke6 33. Rdc1 Red7 34. Rc4 Rh5 35. h3 Rdd5 36. b4 Kd6 37. Rb1 b5 38. Rc2 bxa4 39. Ra2 axb4 40. Rxb4 Ra5 41. Rbxa4 1/2-1/2

[Event "Klatovy op 19th"]
[Site "Klatovy"]
[Date "2011.07.09"]
[Round "8"]
[White "Kopta, Pavel"]
[Black "Riska, Lubomir"]
[Result "0-1"]
[WhiteElo "2291"]
[BlackElo "2218"]
[PlyCount "86"]
[EventDate "2011.07.02"]
[EventType "swiss"]
[EventRounds "9"]
[EventCountry "CZE"]
[SourceTitle "EXT 2012"]
[Source "ChessBase"]
[SourceDate "2011.11.24"]
[SourceVersion "1"]
[SourceVersionDate "2011.11.24"]
[SourceQuality "1"]

1. d4 Nf6 2. c4 e6 3. Nc3 d5 4. Bg5 Nbd7 5. cxd5 exd5 6. e3 c6 7. Bd3 Be7 8. Nge2 0-0 9. Qc2 Re8 10. 0-0 Nf8 11. a3 Nh5 12. Bxe7 Qxe7 13. b4 a6 14. Na4 g6 15. Rfe1 Ng7 16. Ng3 f5 17. f3 Nfe6 18. Qf2 Qd6 19. Nb6 Rb8 20. Rad1 Qd8 21. Nxc8 Rxc8 22. e4 fxe4 23. fxe4 Rf8 24. Qe3 Nf4 25. Bc2 Qg5 26. e5 Nge6 27. Rd2 Rf7 28. Kh1 Rcf8 29. Rg1 Kg7 30. Bd1 h5 31. a4 Kh7 32. b5 axb5 33. axb5 cxb5 34. Bf3 Rc7 35. Re1 b4 36. Nf1 Rc3 37. Qf2 Nd3 38. Rxd3 Rxd3 39. Ne3 Nxd4 40. Nxd5 Nxf3 41. Nf6+ Rxf6 42. exf6 Nxe1 43. f7 Rd1 0-1

[Event "CZE-chT2E 1011"]
[Site "Czech Republic"]
[Date "2011.03.27"]
[Round "10.3"]
[White "Bacak, Martin"]
[Black "Riska, Lubomir"]
[Result "0-1"]
[WhiteElo "2141"]
[BlackElo "2208"]
[PlyCount "28"]
[EventDate "2010.10.17"]
[EventType "team-tourn"]
[EventRounds "11"]
[EventCountry "CZE"]
[SourceTitle "EXT 2012"]
[Source "ChessBase"]
[SourceDate "2011.11.24"]
[SourceVersion "1"]
[SourceVersionDate "2011.11.24"]
[SourceQuality "1"]
[WhiteTeam "Postoupky"]
[BlackTeam "Znojmo"]
[WhiteTeamCountry "CZE"]
[BlackTeamCountry "CZE"]

1. e4 c5 2. Nc3 Nc6 3. g3 g6 4. Bg2 Bg7 5. d3 d6 6. Nge2 e5 7. Be3 Nge7 8. Qd2 Nd4 9. 0-0 0-0 10. Rab1 Rb8 11. b4 cxb4 12. Bxd4 exd4 13. Nb5 Nc6 14. e5 dxe5 0-1

[Event "CZE-chT2E 1011"]
[Site "Czech Republic"]
[Date "2011.02.20"]
[Round "8.3"]
[White "Riska, Lubomir"]
[Black "Sudrich, Radek"]
[Result "1-0"]
[WhiteElo "2208"]
[BlackElo "2111"]
[PlyCount "57"]
[EventDate "2010.10.17"]
[EventType "team-tourn"]
[EventRounds "11"]
[EventCountry "CZE"]
[SourceTitle "EXT 2012"]
[Source "ChessBase"]
[SourceDate "2011.11.24"]
[SourceVersion "1"]
[SourceVersionDate "2011.11.24"]
[SourceQuality "1"]
[WhiteTeam "Znojmo"]
[BlackTeam "Holesov"]
[WhiteTeamCountry "CZE"]
[BlackTeamCountry "CZE"]

1. Nf3 Nf6 2. c4 g6 3. Nc3 Bg7 4. e4 d6 5. d4 0-0 6. Be2 c6 7. 0-0 Nbd7 8. Be3 Ng4 9. Bg5 h6 10. Bc1 Qc7 11. h3 Ngf6 12. Be3 e5 13. d5 Kh7 14. Ne1 Ng8 15. Nd3 Nb6 16. c5 Nc4 17. cxd6 Nxd6 18. Rc1 f5 19. f3 fxe4 20. fxe4 Rxf1+ 21. Bxf1 Bd7 22. Nc5 Rd8 23. Nxd7 Qxd7 24. dxc6 bxc6 25. Qa4 Rb8 26. b3 Rb7 27. Rd1 Qc7 28. Qa6 Nf6 29. Rxd6 1-0

[Event "CZE-chT2E 1011"]
[Site "Czech Republic"]
[Date "2011.02.06"]
[Round "7.3"]
[White "Federic, Jozef"]
[Black "Riska, Lubomir"]
[Result "1/2-1/2"]
[WhiteElo "2283"]
[BlackElo "2208"]
[PlyCount "84"]
[EventDate "2010.10.17"]
[EventType "team-tourn"]
[EventRounds "11"]
[EventCountry "CZE"]
[SourceTitle "EXT 2012"]
[Source "ChessBase"]
[SourceDate "2011.11.24"]
[SourceVersion "1"]
[SourceVersionDate "2011.11.24"]
[SourceQuality "1"]
[WhiteTeam "Hustopece"]
[BlackTeam "Znojmo"]
[WhiteTeamCountry "CZE"]
[BlackTeamCountry "CZE"]

1. d4 Nf6 2. c4 e6 3. g3 c5 4. d5 exd5 5. cxd5 d6 6. Nc3 g6 7. Bg2 Bg7 8. Nf3 0-0 9. 0-0 a6 10. a4 Nbd7 11. h3 Rb8 12. Bf4 Qe7 13. Qd3 Nh5 14. Bg5 f6 15. Bd2 f5 16. Bg5 Nhf6 17. Rae1 h6 18. Bc1 Ne4 19. Nd2 Ne5 20. Qc2 Nxd2 21. Bxd2 b5 22. axb5 axb5 23. b4 Nc4 24. bxc5 Nxd2 25. Qxd2 dxc5 26. Rb1 b4 27. d6 Qe5 28. Na4 Rd8 29. Qd5+ Qxd5 30. Bxd5+ Kf8 31. Nxc5 Rxd6 32. Bb3 Bd4 33. Nd3 Ba6 34. Rfd1 Bxd3 35. Rxd3 Rbd8 36. Rbd1 Ke7 37. Kg2 g5 38. e3 Bc3 39. Rxd6 Rxd6 40. Rxd6 Kxd6 41. Kf3 Ke5 42. Ke2 f4 1/2-1/2

[Event "CZE-chT2E 1011"]
[Site "Czech Republic"]
[Date "2011.01.09"]
[Round "5.3"]
[White "Krcal, Michal"]
[Black "Riska, Lubomir"]
[Result "1/2-1/2"]
[WhiteElo "2101"]
[BlackElo "2208"]
[PlyCount "170"]
[EventDate "2010.10.17"]
[EventType "team-tourn"]
[EventRounds "11"]
[EventCountry "CZE"]
[SourceTitle "EXT 2012"]
[Source "ChessBase"]
[SourceDate "2011.11.24"]
[SourceVersion "1"]
[SourceVersionDate "2011.11.24"]
[SourceQuality "1"]
[WhiteTeam "Zlin III"]
[BlackTeam "Znojmo"]
[WhiteTeamCountry "CZE"]
[BlackTeamCountry "CZE"]

1. e4 c5 2. Nf3 e6 3. d4 cxd4 4. Nxd4 a6 5. g3 Nf6 6. Bg2 Qc7 7. 0-0 Be7 8. a4 0-0 9. Nc3 Nc6 10. Nb3 b6 11. f4 Bb7 12. Qe2 d6 13. Be3 Rac8 14. Rad1 Nb4 15. f5 e5 16. Rd2 Rfd8 17. Rfd1 Nd7 18. g4 Nc5 19. Qf2 Bc6 20. g5 Bf8 21. a5 bxa5 22. Nxc5 dxc5 23. Bxc5 Rxd2 24. Rxd2 Rd8 25. Bxf8 Rxd2 26. Qxd2 Kxf8 27. f6 Qb6+ 28. Kf1 Qd4 29. Ke2 Bd7 30. Bf3 Be6 31. b3 gxf6 32. gxf6 Ke8 33. Nd5 Qxd2+ 34. Kxd2 Kd7 35. Ne3 Nc6 36. Be2 Nd4 37. Bxa6 Nf3+ 38. Kc3 Nxh2 39. Be2 Kc6 40. b4 axb4+ 41. Kxb4 Ba2 42. Nc4 Kd7 43. Ne3 Ke6 44. Ka3 Bb1 45. Kb2 Bxc2 46. Kxc2 Kxf6 47. Kd3 Kg5 48. Nf5 Kf4 49. Bh5 f6 50. Ng7 Ng4 51. Ne6+ Kg3 52. Nf8 Kh4 53. Be8 h6 54. Ke2 Kg3 55. Bg6 Kf4 56. Nd7 Kg3 57. Bh5 Kf4 58. Bxg4 Kxg4 59. Nxf6+ Kf4 60. Kf2 h5 61. Kg2 Kg5 62. Nd5 Kg4 63. Kh2 h4 64. Kg2 h3+ 65. Kh2 Kh4 66. Nc3 Kg4 67. Ne2 Kf3 68. Ng3 Kg4 69. Nf5 Kf4 70. Nd6 Kg4 71. Ne8 Kf4 72. Nf6 Kg5 73. Kxh3 Kxf6 74. Kh4 Kg6 75. Kg4 Kf6 76. Kh5 Kg7 77. Kg5 Kf7 78. Kf5 Ke8 79. Kxe5 Ke7 80. Kd5 Kd7 81. e5 Ke7 82. e6 Ke8 83. Kd6 Kd8 84. e7+ Ke8 85. Kc6 Kxe7 1/2-1/2

[Event "CZE-chT2E 1011"]
[Site "Czech Republic"]
[Date "2010.12.05"]
[Round "4.2"]
[White "Zatloukal, Petr"]
[Black "Riska, Lubomir"]
[Result "1/2-1/2"]
[WhiteElo "2110"]
[BlackElo "2208"]
[PlyCount "47"]
[EventDate "2010.10.17"]
[EventType "team-tourn"]
[EventRounds "11"]
[EventCountry "CZE"]
[SourceTitle "EXT 2012"]
[Source "ChessBase"]
[SourceDate "2011.11.24"]
[SourceVersion "1"]
[SourceVersionDate "2011.11.24"]
[SourceQuality "1"]
[WhiteTeam "Prostejov"]
[BlackTeam "Znojmo"]
[WhiteTeamCountry "CZE"]
[BlackTeamCountry "CZE"]

1. e4 c5 2. Nc3 Nc6 3. g3 g6 4. Bg2 Bg7 5. d3 d6 6. Be3 e5 7. Qd2 Nge7 8. Bh6 0-0 9. Bxg7 Kxg7 10. Nge2 Nd4 11. 0-0 Bg4 12. f4 f6 13. h3 Bd7 14. Nd1 Qb6 15. Kh2 Rae8 16. Ne3 Bc6 17. c3 Nxe2 18. Qxe2 exf4 19. gxf4 d5 20. e5 Nf5 21. Ng4 fxe5 22. fxe5 Kh8 23. Rae1 Qc7 24. d4 1/2-1/2

[Event "CZE-chT2E 0910"]
[Site "Czech Republic"]
[Date "2010.04.18"]
[Round "11.2"]
[White "Mazoch, Jiri"]
[Black "Riska, Lubomir"]
[Result "1/2-1/2"]
[WhiteElo "2110"]
[BlackElo "2222"]
[PlyCount "111"]
[EventDate "2009.10.18"]
[EventType "team-tourn"]
[EventRounds "11"]
[EventCountry "CZE"]
[SourceTitle "EXT 2012"]
[Source "ChessBase"]
[SourceDate "2011.11.24"]
[SourceVersion "1"]
[SourceVersionDate "2011.11.24"]
[SourceQuality "1"]
[WhiteTeam "Kromeriz II"]
[BlackTeam "Znojmo"]
[WhiteTeamCountry "CZE"]
[BlackTeamCountry "CZE"]

1. d4 Nf6 2. Nf3 c5 3. d5 d6 4. Nc3 g6 5. e4 Bg7 6. Bb5+ Bd7 7. a4 0-0 8. Nd2 Na6 9. 0-0 Nc7 10. Be2 a6 11. Nc4 b5 12. Nb6 Rb8 13. Nxd7 Nxd7 14. Qe1 bxa4 15. Rxa4 Rb4 16. b3 Qb8 17. Bg5 Re8 18. f3 Qb7 19. Qd2 Rd4 20. Qe1 Nb5 21. Nxb5 axb5 22. Ra5 c4 23. bxc4 bxc4 24. Qb1 Qc7 25. Qa2 Rb8 26. c3 Rd3 27. Bxd3 cxd3 28. Ra7 Qc5+ 29. Kh1 Nb6 30. Qa6 h6 31. Bxe7 Nc8 32. Ra8 Rxa8 33. Qxa8 Kh7 34. Bd8 d2 35. Qc6 Qxc3 36. Qxc3 Bxc3 37. Bc7 Kg7 38. f4 Kf6 39. Bd8+ Kg7 40. Rd1 Kf8 41. g4 Ke8 42. Bh4 Nb6 43. Kg2 Nc4 44. Kf3 Nb2 45. Ke2 Nxd1 46. Kxd1 f5 47. exf5 gxf5 48. h3 Kf7 49. Bf2 Kg6 50. Be3 fxg4 51. hxg4 h5 52. gxh5+ Kxh5 53. Bxd2 Kg4 54. Bc1 Kf3 55. Kc2 Bg7 56. Ba3 1/2-1/2

[Event "CZE-chT2E 0910"]
[Site "Czech Republic"]
[Date "2010.02.28"]
[Round "8.2"]
[White "Riska, Lubomir"]
[Black "Mudrak, Josef"]
[Result "0-1"]
[WhiteElo "2222"]
[BlackElo "2344"]
[PlyCount "68"]
[EventDate "2009.10.18"]
[EventType "team-tourn"]
[EventRounds "11"]
[EventCountry "CZE"]
[SourceTitle "EXT 2012"]
[Source "ChessBase"]
[SourceDate "2011.11.24"]
[SourceVersion "1"]
[SourceVersionDate "2011.11.24"]
[SourceQuality "1"]
[WhiteTeam "Znojmo"]
[BlackTeam "Holesov"]
[WhiteTeamCountry "CZE"]
[BlackTeamCountry "CZE"]

1. Nf3 c6 2. c4 d5 3. d4 Nf6 4. Nc3 dxc4 5. a4 g6 6. e3 Bg7 7. Bxc4 0-0 8. 0-0 a5 9. Qe2 Na6 10. Rd1 Nb4 11. h3 Qc7 12. b3 Nfd5 13. Bb2 Be6 14. Rac1 Nxc3 15. Bxc3 Bxc4 16. bxc4 c5 17. d5 Bxc3 18. Rxc3 Ra6 19. e4 e5 20. Rd2 Re8 21. Ne1 Rb6 22. Qd1 Na6 23. Nd3 Nb8 24. Rb3 Nd7 25. Rdb2 Rb4 26. Nxb4 cxb4 27. d6 Qxc4 28. Re3 Rc8 29. Kh2 b6 30. Ree2 Nc5 31. Rbc2 Qe6 32. Red2 Rd8 33. f3 Nxa4 34. Rc6 b3 0-1

[Event "CZE-chT2E 0910"]
[Site "Czech Republic"]
[Date "2010.01.17"]
[Round "5.2"]
[White "Bazant, Petr Sr"]
[Black "Riska, Lubomir"]
[Result "1/2-1/2"]
[WhiteElo "2303"]
[BlackElo "2222"]
[PlyCount "71"]
[EventDate "2009.10.18"]
[EventType "team-tourn"]
[EventRounds "11"]
[EventCountry "CZE"]
[SourceTitle "EXT 2012"]
[Source "ChessBase"]
[SourceDate "2011.11.24"]
[SourceVersion "1"]
[SourceVersionDate "2011.11.24"]
[SourceQuality "1"]
[WhiteTeam "Stare Mesto II"]
[BlackTeam "Znojmo"]
[WhiteTeamCountry "CZE"]
[BlackTeamCountry "CZE"]

1. c4 Nf6 2. Nc3 d5 3. cxd5 Nxd5 4. g3 e5 5. Bg2 Nb6 6. Nf3 Nc6 7. 0-0 Be7 8. b3 0-0 9. Bb2 Be6 10. d3 f5 11. Qc1 Bf6 12. Nd2 Qd7 13. a4 Nd5 14. Nxd5 Bxd5 15. Bxd5+ Qxd5 16. Qc4 Rad8 17. Qxd5+ Rxd5 18. Nc4 Nd4 19. Bxd4 Rxd4 20. Ne3 g6 21. Rac1 Rf7 22. Rc4 Rfd7 23. Rfc1 c6 24. Rxd4 Rxd4 25. Rc4 Rd7 26. g4 Bg5 27. Nf1 Kf7 28. Kg2 Ke6 29. Ng3 Bf4 30. gxf5+ gxf5 31. Nh5 Bd2 32. Kf3 Bh6 33. Ng3 Bf4 34. Nh5 Bh6 35. Ng3 Bf4 36. Nh5 1/2-1/2

[Event "CZE-chT2E 0910"]
[Site "Czech Republic"]
[Date "2009.11.08"]
[Round "2.2"]
[White "Riska, Lubomir"]
[Black "Cip, Dalibor"]
[Result "0-1"]
[WhiteElo "2222"]
[BlackElo "2164"]
[PlyCount "120"]
[EventDate "2009.10.18"]
[EventType "team-tourn"]
[EventRounds "11"]
[EventCountry "CZE"]
[SourceTitle "EXT 2012"]
[Source "ChessBase"]
[SourceDate "2011.11.24"]
[SourceVersion "1"]
[SourceVersionDate "2011.11.24"]
[SourceQuality "1"]
[WhiteTeam "Znojmo"]
[BlackTeam "Orechov"]
[WhiteTeamCountry "CZE"]
[BlackTeamCountry "CZE"]

1. Nf3 c5 2. g3 g6 3. Bg2 Bg7 4. 0-0 Nc6 5. d3 e6 6. e4 Nge7 7. c3 0-0 8. Re1 d5 9. e5 Qc7 10. Qe2 b5 11. Bf4 a5 12. Na3 Ba6 13. Nc2 b4 14. h4 h6 15. Ne3 bxc3 16. bxc3 Kh7 17. Ng4 Ng8 18. Qc2 Qd7 19. Rab1 Rab8 20. Bf1 Rxb1 21. Rxb1 h5 22. Ngh2 Nge7 23. d4 Bxf1 24. Nxf1 cxd4 25. cxd4 Rc8 26. Qd2 Nf5 27. Ne3 Nxe3 28. Bxe3 Bf8 29. Ne1 Bb4 30. Qe2 Bc3 31. Rd1 Qa7 32. Nf3 Qb7 33. Rc1 Bb4 34. Qb2 Qe7 35. Qb3 Qa7 36. Qa4 Qb6 37. Rb1 Qa7 38. Kg2 Kg7 39. Rc1 Qb7 40. Qb3 Qa6 41. Bg5 a4 42. Qe3 Ne7 43. Bf6+ Kh7 44. Rxc8 Qxc8 45. Qg5 Nf5 46. g4 hxg4 47. Qxg4 Qc2 48. Qf4 Kg8 49. h5 Qe4 50. Qxe4 dxe4 51. Ng5 gxh5 52. Nxe4 Nxd4 53. Nd6 Ne2 54. Nb5 Nc3 55. Nxc3 Bxc3 56. f4 Kh7 57. Bh4 Kg6 58. Kf3 Kf5 59. Bf2 Bd2 60. Bg3 Bc1 0-1